LIBRARY & INFORMATION CENTRE, KCAET, TAVANUR

ONLINE PUBLIC ACCESS CATALOGUE (OPAC)

Ajata shatru / (Record no. 8280)

MARC details
000 -LEADER
fixed length control field 00415cam a2200181ua 4500
041 ## - LANGUAGE CODE
Language code of text/sound track or separate title hin
082 ## - DEWEY DECIMAL CLASSIFICATION NUMBER
Classification number 891.54
Item number JAY/AJ
100 ## - MAIN ENTRY--AUTHOR NAME
Personal name Jayashankar, Prasad .
245 ## - TITLE STATEMENT
Title Ajata shatru /
250 ## - EDITION STATEMENT
Edition statement 20 /
260 ## - PUBLICATION, DISTRIBUTION, ETC. (IMPRINT)
Place of publication :
Name of publisher Bharati Bhandar.
300 ## - PHYSICAL DESCRIPTION
Number of Pages 137 ; .
942 ## - ADDED ENTRY ELEMENTS (KOHA)
Koha item type Books
Holdings
Withdrawn status Lost status Damaged status Home library Current library Date acquired Full call number Accession Number Koha item type
Withdrawn     KAUAET Malayalam University 27/11/2023 891.54 JAY/AJ 11237 Books
Withdrawn     KAUAET Sanskrit University 07/04/2012 891.54 4939 Books
free website counter